| 000 | 00950cam a2200289 a 4500 | ||
|---|---|---|---|
| 005 | 20260322212044.0 | ||
| 008 | data | ||
| 010 | _a 86023525 | ||
| 020 |
_a0027739201 : _c{dollar}10.95 |
||
| 020 |
_a9780027739206 : _c{dollar}10.95 |
||
| 040 |
_aDLC _cDLC _dDLC |
||
| 042 | _alcac | ||
| 050 | 0 | 0 |
_aPZ8.1.P54 _bOu 1987 |
| 082 | 0 | 0 |
_aE _aE _219 |
| 092 | _aPZ 8.1 P54 Ou 1987 | ||
| 100 | 1 |
_aPevear, Richard, _d1943- |
|
| 245 | 1 | 0 |
_aOur king has horns! / _cRichard Pevear & Robert Rayevsky. |
| 250 | _a1st American ed. | ||
| 260 |
_aLondon : _bCollier Macmillan, _aLondon : _bCollier Macmillan, _cc1987. |
||
| 300 |
_a[28] p. : _bcol. ill. ; _c26 cm. |
||
| 520 | _aHaving discovered the king's horns while cutting his hair, a young barber is sworn to secrecy or he will lose his life. | ||
| 650 | 1 | _aFolklore. | |
| 650 | 1 |
_aBarbers _xFolklore. |
|
| 650 | 1 |
_aKings, queens, rulers, etc. _xFolklore. |
|
| 700 | 1 |
_aRayevsky, Robert, _eill. |
|
| 001 | data | ||
| 999 |
_c1038 _d1038 |
||